LEADER 01232nam a2200265 u 4500 001 000000118068 003 CaOOAMICUS 005 20091118115732.0 008 091118s1978 it d u000 u ita r 040 $aPUL$bita$dMCT 245 00$aLotte operaie e sindacato :$bil ciclo 1968-1972 in Italia /$cdi Alessandro Pizzorno, ... [et al.]. 260 $aBologna :$bSocietà editrice il Mulino,$cc1978. 300 $a304 p. :$bgrafici ;$c22 cm 490 1 $aStudi e ricerche ;$v36 500 $aInclude appendici. 504 $aInclude riferimenti bibliografici. 650 4$aMovimento operaio$zItalia$ySec. XX.$0(OLS)http://pul/subject/2517 650 4$aSindacati$zItalia$ySec. XX.$0(OLS)http://pul/subject/2515 700 1 $aPizzorno, Alessandro.$0(OLS)http://pul/name/31788 830 0$aStudi e ricerche (Il Mulino) ;$v36.$0(OLS)http://pul/title/1250 850 $aPUL 852 $aPUL$W1$xDP1 Cons. Gen., Altre Classi 1$y22$m843 I 73$j135516$qStampati$B134488$CPULBib$Z2$F134488 $H63193 $82 941 1 $a8 996 $6245$aLotte operaie e sindacato :$bil ciclo 1968-1972 in Italia$9(OLS)http://pul/title/148621 996 $6260$aBologna :$bSocietà editrice il Mulino$9(OLS)http://pul/publisher/53095 LEADER 00944nam a2200217 u 4500 001 000000085978 003 CaOOAMICUS 005 20070226124238.0 008 050924s1885 it u000 u ita u 035 $a11059687 040 $aPUL(R)$bita 100 1 $aRoselli, Ercole.$0(OLS)http://pul/name/56313 245 10$aArmonia assoluta e naturale delle scienze filosofiche e sociali /$cErcole Roselli. 260 $aAncona :$bStabilimento tip. del commercio,$c1885. 300 $a438 p. ;$c26 cm 650 4$aFilosofia e scienze sociali.$0(OLS)http://pul/subject/8503 850 $aPUL 852 $aPUL$W1$xDP1 Fondo Cecchetti$y53$m286 A 3$j109195$nBK-PRI$b $qFondi$B109195$CPULBib$Z2$F109195 $HPUL8934 $81 941 1 $a1 996 $6245$aArmonia assoluta e naturale delle scienze filosofiche e sociali$9(OLS)http://pul/title/111461 996 $6260$aAncona :$bStabilimento tip. del commercio$9(OLS)http://pul/publisher/77341